Proceedings of a workshop on earthquake resistance of highway bridges
保存先:
| 団体著者: | |
|---|---|
| フォーマット: | 図書 |
| 言語: | 英語 |
| 出版事項: |
Alexandría
National Science Foundation
1979
|
| 主題: | |
| タグ: |
タグ追加
タグなし, このレコードへの初めてのタグを付けませんか!
|
MARC
| LEADER | 00000nam a2200000 a 4500 | ||
|---|---|---|---|
| 001 | UCU6247 | ||
| 003 | CL-VaPUC | ||
| 005 | 20250107113749.0 | ||
| 008 | 960614e19790000us 1 eng d | ||
| 082 | 0 | 4 | |a 624.176 |b NAT |2 21 |
| 110 | 2 | |a National Science Foundation |e author |9 617824 | |
| 245 | 1 | 0 | |a Proceedings of a workshop on earthquake resistance of highway bridges |
| 260 | |a Alexandría |b National Science Foundation |c 1979 | ||
| 300 | |a 625 p | ||
| 583 | |a last modification |c 20171218 01:25:42 |k Rodrigo Vera | ||
| 650 | 0 | 0 | |a Ingeniería civil |9 260076 |
| 650 | 0 | 0 | |a Carreteras |9 260132 |
| 650 | 0 | 0 | |a Puentes |9 268175 |
| 650 | 0 | 0 | |a Terremotos |9 267728 |
| 650 | 0 | 0 | |a Autopistas |9 260813 |
| 942 | |c BK | ||
| 945 | |a paguirre |d 19960614 00:00:00 | ||
| 546 | |a En Inglés | ||
| 536 | |a National Science Foundation | ||
| 518 | |p Earthquake Resistance of Highway Bridges, California, 29 al 31 de Enero de 1979 | ||
| 999 | |c 382663 |d 382661 | ||
| 952 | |0 0 |1 0 |4 0 |6 624_176000000000000_NAT_1979 |7 0 |8 A |9 504473 |a BIBING |b BIBING |d 2020-01-23 |i 1688022 |o 624.176 NAT 1979 |p 1688022 |r 2025-01-20 |w 2020-01-23 |y BK |k CCL | ||